[Event "Barcelona Sant Marti op-B 24th"]
[Site "Barcelona"]
[Date "2024.07.21"]
[Round "9"]
[White "Frias Toribio, Rafael"]
[Black "Riba Faura, Marcel"]
[Result "0-1"]
[WhiteElo "1723"]
[BlackElo "1572"]
[PlyCount "134"]
[EventDate "2024.07.13"]
[EventType "swiss"]
[EventRounds "9"]
[EventCountry "ESP"]
[SourceTitle "EXT 2025"]
[Source "ChessBase"]
[SourceDate "2024.10.14"]
[SourceVersion "1"]
[SourceVersionDate "2024.10.14"]
[SourceQuality "1"]

1. e4 e5 2. Nf3 Nc6 3. d4 d5 4. Bb5 Nge7 5. dxe5 dxe4 6. Qxd8+ Kxd8 7. Ng5 Nxe5 8. Nxe4 Bf5 9. f3 Nd5 10. Bg5+ f6 11. Bh4 Bxe4 12. fxe4 Nb4 13. Ba4 Nd7 14. Nc3 Nc5 15. 0-0-0+ Kc8 16. e5 g5 17. Bg3 Bg7 18. Rhe1 fxe5 19. Bxe5 Bxe5 20. Rxe5 Nxa2+ 21. Nxa2 Nxa4 22. Rxg5 b6 23. Rh5 h6 24. Rf1 Kb7 25. Rf6 Raf8 26. Rxf8 Rxf8 27. b3 Rf1+ 28. Kd2 Rf2+ 29. Kd1 Rf1+ 30. Ke2 Ra1 31. Nb4 a5 32. Nd3 Nc3+ 33. Kd2 Ne4+ 34. Ke3 Nf6 35. Rxh6 Ng4+ 36. Kf4 Nxh6 37. h3 Ra2 38. Ne1 Kc6 39. g4 Ra1 40. Nd3 Rf1+ 41. Kg3 Kd6 42. c4 Rb1 43. g5 Ng8 44. Kg4 Rxb3 45. Nf4 a4 46. h4 a3 47. Ne2 a2 48. Nc1 Rb1 49. Nxa2 Ke5 50. g6 Rg1+ 51. Kh5 Kf6 52. Nc3 Rxg6 53. Nd5+ Kf5 54. Ne3+ Kf6 55. Ng4+ Rxg4 56. Kxg4 Ke5 57. Kg5 Nf6 58. Kg6 c6 59. Kf7 b5 60. c5 b4 61. Ke7 b3 62. h5 b2 63. h6 b1Q 64. h7 Nxh7 65. Kd7 Qb7+ 66. Kd8 Ke6 67. Ke8 Qe7# 0-1

[Event "Barcelona Sant Marti op-B 24th"]
[Site "Barcelona"]
[Date "2024.07.17"]
[Round "5"]
[White "Gracia Poch, Frederic"]
[Black "Riba Faura, Marcel"]
[Result "0-1"]
[WhiteElo "1610"]
[BlackElo "1572"]
[PlyCount "62"]
[EventDate "2024.07.13"]
[EventType "swiss"]
[EventRounds "9"]
[EventCountry "ESP"]
[SourceTitle "EXT 2025"]
[Source "ChessBase"]
[SourceDate "2024.10.14"]
[SourceVersion "1"]
[SourceVersionDate "2024.10.14"]
[SourceQuality "1"]

1. d4 Nf6 2. c4 g6 3. g3 Bg7 4. Bg2 d6 5. Nf3 0-0 6. 0-0 Re8 7. Nbd2 e5 8. dxe5 dxe5 9. Qc2 Bf5 10. Qb3 Qc8 11. Re1 Nc6 12. Nh4 Bh3 13. Ne4 Bxg2 14. Nxg2 Nxe4 15. f3 Nf6 16. e4 Nd4 17. Qc3 Rd8 18. Be3 Nxf3+ 19. Kf2 Nxe1 20. Qxe1 Nxe4+ 21. Kg1 Nf6 22. b3 Qh3 23. Kh1 Ng4 24. Bg1 g5 25. Qe2 e4 26. Rf1 Bd4 27. Ne1 Bxg1 28. Kxg1 Rd1 29. c5 Rad8 30. Qg2 Qxg2+ 31. Kxg2 Ne3+ 0-1

[Event "Barcelona Sant Marti op-B 24th"]
[Site "Barcelona"]
[Date "2024.07.15"]
[Round "3"]
[White "Abascal Vicente, Ignacio"]
[Black "Riba Faura, Marcel"]
[Result "1-0"]
[WhiteElo "1740"]
[BlackElo "1572"]
[PlyCount "87"]
[EventDate "2024.07.13"]
[EventType "swiss"]
[EventRounds "9"]
[EventCountry "ESP"]
[SourceTitle "EXT 2025"]
[Source "ChessBase"]
[SourceDate "2024.10.14"]
[SourceVersion "1"]
[SourceVersionDate "2024.10.14"]
[SourceQuality "1"]

1. e4 e5 2. Nf3 Nc6 3. Bb5 a6 4. Bxc6 dxc6 5. 0-0 Bd6 6. d4 exd4 7. Qxd4 Bg4 8. Qxg7 Bxf3 9. Qxh8 Bxh2+ 10. Kxh2 Qh4+ 11. Kg1 0-0-0 12. Qe5 Nf6 13. Qf5+ Kb8 14. Qxf3 Rg8 15. Bf4 Nh5 16. Bh2 Rg6 17. Nc3 Rh6 18. Qh3 Qg5 19. Qf5 Qh4 20. Qe5 f5 21. exf5 Nf6 22. Qg3 Qh5 23. f3 Qxf5 24. Rad1 Qxc2 25. Rd8+ Ka7 26. Qf2+ Qxf2+ 27. Rxf2 Kb6 28. Re2 Rg6 29. Re6 h5 30. Ne4 h4 31. Rxf6 Rg7 32. Rh6 a5 33. Rxh4 a4 34. Nc3 a3 35. Rb4+ Kc5 36. Rxb7 axb2 37. Rxb2 Kc4 38. Ne4 c5 39. Rc2+ Kb5 40. Rxc5+ Kb6 41. Rb8+ Ka6 42. Rc3 Ka7 43. Rb4 Rg6 44. Nd6 1-0